000 00553nam a2200181Ia 4500
003 GCL
008 140319s9999 xx 000 0 ara d
040 _aGCL /
_cGCL
082 0 4 _a243
_bم ت
100 1 _aمحيى الدين الطمعى
245 1 0 _aتحذير الرجال من فتنة المسيخ الدجال /
_cمحيى الدين الطمعى
260 _a[S.N] :
_bالمركز العربى الحديث
300 _a87 ص
490 _a
650 0 4 _aاليوم الاخر
650 0 4 _aالمسيخ الدجال
942 _2ddc
_cBK
999 _c46920
_d46920